| 000 | 01119nam a2200289 i 4500 | ||
|---|---|---|---|
| 001 | 7796 | ||
| 003 | ES-MaACL | ||
| 005 | 20250805063219.0 | ||
| 007 | t| | ||
| 008 | 910511s1981 sp ||||1| spa d | ||
| 017 |
_aS 484-1981 _bOficina Depósito Legal Salamanca |
||
| 020 | _a84-00-04919-5 | ||
| 080 | _a929 Salazar y Frías, Alonso de | ||
| 100 | 1 |
_aCoronas Tejada, Luis, _d1928-2021 _eaut _940688 |
|
| 245 | 1 | 5 |
_aUnos años en la vida y reflejos de la personalidad del "Inquisidor de las Brujas" / _cLuis Coronas Tejada |
| 260 |
_aJaén : _bInstituto de Estudios Giennenses, _c1981 |
||
| 300 |
_a118 páginas : _bilustraciones ; _c21 cm |
||
| 490 | 1 |
_aLibros de bolsillo (Instituto de Estudios Giennenses) ; _v4 _9241572 |
|
| 500 | _aÍndice | ||
| 600 | 1 | 4 |
_aSalazar y Frías, Alonso de, _d1564-1635 _9101800 |
| 710 | 2 |
_aInstituto de Estudios Giennenses _eedt _94904 |
|
| 830 | 0 |
_aLibros de bolsillo (Instituto de Estudios Giennenses) ; _v4 _9241572 |
|
| 852 |
_aES-MaACL _bR.119451 _cDEPO2 _jL-15045 |
||
| 942 |
_2udc _cMONOGRAFIA _n0 |
||
| 999 |
_c7796 _d7796 |
||